10 Shortest Books of the Bible - Statistics

General Stats
  • This quiz has been taken 124 times
  • The average score is 6 of 10
Answer Stats
Words Book % Correct
461 Jude
87%
245 2 John
86%
219 3 John
85%
440 Obadiah
63%
335 Philemon
61%
659 Titus
60%
855 Nahum
46%
1,011 Habakkuk
41%
926 Haggai
40%
823 2 Thessalonians
20%
No matching quizzes found
Score Distribution
Percent of People with Each Score
Percentile by Number Answered
Your Score History
You have not taken this quiz